Probability and statistics / (Record no. 594468)
[ view plain ]
| 000 -LEADER | |
|---|---|
| fixed length control field | 01776cam a22003737a 4500 |
| 020 ## - INTERNATIONAL STANDARD BOOK NUMBER | |
| International Standard Book Number | 9780071544252 |
| 020 ## - INTERNATIONAL STANDARD BOOK NUMBER | |
| International Standard Book Number | 0071544259 |
| 082 04 - DEWEY DECIMAL CLASSIFICATION NUMBER | |
| Classification number | 519.2076 |
| 100 1# - MAIN ENTRY--PERSONAL NAME | |
| Personal name | Spiegel, Murray R. |
| 245 10 - TITLE STATEMENT | |
| Title | Probability and statistics / |
| Statement of responsibility, etc. | Murray R. Spiegel, John J. Schiller, R. Alu Srinivasan. |
| 250 ## - EDITION STATEMENT | |
| Edition statement | 3rd ed. |
| 260 ## - PUBLICATION, DISTRIBUTION, ETC. | |
| Place of publication, distribution, etc. | New York : |
| Name of publisher, distributor, etc. | McGraw-Hill, |
| Date of publication, distribution, etc. | c2009. |
| 300 ## - PHYSICAL DESCRIPTION | |
| Extent | vii, 424 p. : |
| Other physical details | ill. ; |
| Dimensions | 28 cm. |
| 650 #0 - SUBJECT ADDED ENTRY--TOPICAL TERM | |
| Topical term or geographic name entry element | Probabilities |
| 650 #0 - SUBJECT ADDED ENTRY--TOPICAL TERM | |
| Topical term or geographic name entry element | Probabilities |
| 650 #0 - SUBJECT ADDED ENTRY--TOPICAL TERM | |
| Topical term or geographic name entry element | Mathematical statistics |
| 650 #0 - SUBJECT ADDED ENTRY--TOPICAL TERM | |
| Topical term or geographic name entry element | Mathematical statistics |
| 700 1# - ADDED ENTRY--PERSONAL NAME | |
| Personal name | Schiller, John J. |
| 700 1# - ADDED ENTRY--PERSONAL NAME | |
| Personal name | Srinivasan, R. Alu. |
| 856 42 - Uniform Resource Identifier | |
| Uniform Resource Identifier | <a href="http://www.loc.gov/catdir/enhancements/fy1107/2011289323-b.html">http://www.loc.gov/catdir/enhancements/fy1107/2011289323-b.html</a> |
| 856 42 - Uniform Resource Identifier | |
| Uniform Resource Identifier | <a href="http://www.loc.gov/catdir/enhancements/fy1107/2011289323-d.html">http://www.loc.gov/catdir/enhancements/fy1107/2011289323-d.html</a> |
| 856 41 - Uniform Resource Identifier | |
| Uniform Resource Identifier | <a href="http://www.loc.gov/catdir/enhancements/fy1107/2011289323-t.html">http://www.loc.gov/catdir/enhancements/fy1107/2011289323-t.html</a> |
| 942 ## - ADDED ENTRY ELEMENTS (KOHA) | |
| Source of classification or shelving scheme | |
| Koha item type | Text Books |
| 650 #0 - SUBJECT ADDED ENTRY--TOPICAL TERM | |
| -- | 111934 |
| 650 #0 - SUBJECT ADDED ENTRY--TOPICAL TERM | |
| -- | 61 |
| 650 #0 - SUBJECT ADDED ENTRY--TOPICAL TERM | |
| -- | 61 |
| 650 #0 - SUBJECT ADDED ENTRY--TOPICAL TERM | |
| -- | 111794 |
| 650 #0 - SUBJECT ADDED ENTRY--TOPICAL TERM | |
| -- | 111795 |
| 650 #0 - SUBJECT ADDED ENTRY--TOPICAL TERM | |
| -- | 111794 |
| 650 #0 - SUBJECT ADDED ENTRY--TOPICAL TERM | |
| -- | 111795 |
| 700 1# - ADDED ENTRY--PERSONAL NAME | |
| -- | 13077 |
| 700 1# - ADDED ENTRY--PERSONAL NAME | |
| -- | 39513 |
| Withdrawn status | Lost status | Source of classification or shelving scheme | Damaged status | Not for loan | Permanent Location | Current Location | Shelving location | Date acquired | Full call number | Barcode | Date last seen | Price effective from | Koha item type |
|---|---|---|---|---|---|---|---|---|---|---|---|---|---|
| College of Electrical & Mechanical Engineering (CEME) | College of Electrical & Mechanical Engineering (CEME) | Text Books | 04/12/2023 | 519.2 | CEME-48442 | 04/12/2023 | 04/12/2023 | Reference | |||||
| College of Electrical & Mechanical Engineering (CEME) | College of Electrical & Mechanical Engineering (CEME) | Text Books | 04/12/2023 | 519.2 | CEME-48443 | 04/12/2023 | 04/12/2023 | Reference | |||||
| College of Electrical & Mechanical Engineering (CEME) | College of Electrical & Mechanical Engineering (CEME) | Text Books | 04/12/2023 | 519.2 | CEME-48444 | 04/12/2023 | 04/12/2023 | Reference | |||||
| College of Electrical & Mechanical Engineering (CEME) | College of Electrical & Mechanical Engineering (CEME) | Text Books | 04/12/2023 | 519.2 | CEME-48445 | 04/12/2023 | 04/12/2023 | Reference | |||||
| College of Electrical & Mechanical Engineering (CEME) | College of Electrical & Mechanical Engineering (CEME) | Text Books | 04/12/2023 | 519.2 | CEME-48446 | 04/12/2023 | 04/12/2023 | Reference |
